| 000 | 00941nam a2200241Ia 4500 | ||
|---|---|---|---|
| 003 | Ost | ||
| 005 | 20260507075126.0 | ||
| 008 | 260507s9999||||xx |||||||||||||| ||und|| | ||
| 040 | _cfsecg | ||
| 041 | _aara | ||
| 082 | _a330 | ||
| 100 |
_aصبري ، عزام، _eمؤلف |
||
| 245 | 0 |
_aالرياضيات في الإدارة والإقتصاد / _c عزام صبري |
|
| 260 |
_aعمان: _bعالم الكتب الحديث, _c2006 |
||
| 300 |
_a425 صفحة؛ _bإيضاحات ؛ _c25 سم |
||
| 520 | _aمراجعة عامة-الإقتراحات النهايات والإتصال-المصفوفات-الأشتقاق وتطبيقاته-الأشتقاق الجزئي وتطبيقاته-التكامل وطرق إيجاده | ||
| 653 | _aالإدارة والإقتصاد | ||
| 653 | _aالإشتقاق | ||
| 653 | _aالأقترانات | ||
| 653 | _aالرياضيات | ||
| 653 | _aالمصفوفات | ||
| 942 | _cكتاب | ||
| 999 |
_c43145 _d43145 |
||